00550nam a2200085Ia 4500008004100000245004700041300027400088650001600362856008600378170517s9999 xx 000 0 und d aNutrition and Behavior Aspartame (Lecture) aIn this lecture, Dr. Russell Blaylock explains one of the most important connections between nutrition and our health, how nutrition affects our behavior. Citing a series of important studies, he shows that good nutrition can powerfully enhance our memory, mood, and... xTechnology. uhttp://topdocumentaryfilms.com/russell-blaylock-nutrition-and-behavior-aspartame/